[Event "TUR-ch (Women)"]
[Site "Ayvalik"]
[Date "2022.03.11"]
[Round "9"]
[White "Salt, Ilayda"]
[Black "Olmez, Sude"]
[Result "1/2-1/2"]
[WhiteElo "1594"]
[BlackElo "1170"]
[PlyCount "171"]
[EventDate "2022.03.05"]
[EventType "swiss"]
[EventRounds "9"]
[EventCountry "TUR"]
[SourceTitle "EXT 2023"]
[Source "ChessBase"]
[SourceDate "2022.10.05"]
[SourceVersion "1"]
[SourceVersionDate "2022.10.05"]
[SourceQuality "1"]

1. d4 Nf6 2. c4 e6 3. Nc3 Bb4 4. Qc2 0-0 5. a3 Bxc3+ 6. Qxc3 b6 7. f3 d5 8. Bg5 Nbd7 9. Rc1 c6 10. e3 Bb7 11. Bd3 h6 12. Bh4 c5 13. Ne2 Rc8 14. Qd2 Re8 15. 0-0 e5 16. cxd5 exd4 17. exd4 Bxd5 18. Bf5 Be6 19. Bb1 cxd4 20. Nxd4 Nc5 21. Qf2 Bd7 22. Rfd1 Ne6 23. Nf5 Rxc1 24. Rxc1 Nf4 25. Re1 Bxf5 26. Rxe8+ Qxe8 27. Bxf5 Qe5 28. Bb1 g5 29. Bg3 Ne2+ 30. Kf1 Qxb2 31. Qxe2 Qxb1+ 32. Kf2 Qf5 33. Bd6 Qe6 34. Qd2 Nd5 35. Bb8 a6 36. Qd4 b5 37. Ba7 Nf4 38. Qe3 Qa2+ 39. Kf1 Qxg2+ 40. Ke1 Qh1+ 41. Kd2 Qxh2+ 42. Kc1 Qe2 43. Qc3 Qc4 44. Qxc4 bxc4 45. Kc2 h5 46. Kc3 Kf8 47. Bc5+ Ke8 48. Kxc4 Kd7 49. Bf2 Kc6 50. Kd4 Nh3 51. Bg3 h4 52. Bh2 Nf4 53. Ke5 Kb5 54. Kf5 Ne6 55. Bd6 Ka4 56. Kg4 Kb3 57. Be7 Ka4 58. Bd6 Kb3 59. Be7 Kc4 60. Bd6 Kd5 61. Bb8 Nd4 62. Kxg5 Nxf3+ 63. Kg4 Ke4 64. Kh3 f5 65. Kg2 Ng5 66. Bc7 f4 67. Bd8 h3+ 68. Kh2 Kf5 69. a4 Kg4 70. Bxg5 Kxg5 71. Kxh3 Kf5 72. Kg2 Ke4 73. Kf2 f3 74. a5 Kf4 75. Kf1 Ke3 76. Ke1 Kd4 77. Kf2 Kc4 78. Kxf3 Kb5 79. Ke3 Kxa5 80. Kd3 Kb4 81. Kc2 Ka3 82. Kb1 a5 83. Ka1 Kb3 84. Kb1 a4 85. Ka1 a3 86. Kb1 1/2-1/2

[Event "TUR-ch (Women)"]
[Site "Ayvalik"]
[Date "2022.03.09"]
[Round "6"]
[White "Olmez, Sude"]
[Black "Ozturk, Busra"]
[Result "1-0"]
[WhiteElo "1170"]
[BlackElo "1100"]
[PlyCount "75"]
[EventDate "2022.03.05"]
[EventType "swiss"]
[EventRounds "9"]
[EventCountry "TUR"]
[SourceTitle "EXT 2023"]
[Source "ChessBase"]
[SourceDate "2022.10.05"]
[SourceVersion "1"]
[SourceVersionDate "2022.10.05"]
[SourceQuality "1"]

1. d4 d6 2. e4 Nf6 3. Nc3 g6 4. h3 Bg7 5. f4 0-0 6. Nf3 c5 7. Be3 cxd4 8. Nxd4 Re8 9. Nf3 Nc6 10. Qd2 e6 11. 0-0-0 Re7 12. g4 Qa5 13. a3 Ne8 14. Nb5 Qa4 15. Bd3 a6 16. Nc3 Qa5 17. Nb1 Qxd2+ 18. Nbxd2 f5 19. g5 b5 20. c3 Rc7 21. Kb1 Rb8 22. Nb3 a5 23. Nbd4 Na7 24. Rc1 b4 25. cxb4 axb4 26. a4 Rd7 27. Nxe6 Bh8 28. exf5 gxf5 29. Bd4 Ng7 30. Nxg7 Bxg7 31. Bxf5 Rf7 32. Bxc8 Nxc8 33. Bxg7 Kxg7 34. Nd4 Nb6 35. b3 Nd5 36. f5 Re8 37. Rhe1 Ref8 38. Ne6+ 1-0

[Event "TUR-ch (Women)"]
[Site "Ayvalik"]
[Date "2022.03.08"]
[Round "5"]
[White "Yurdakul, Didem Nuray"]
[Black "Olmez, Sude"]
[Result "1-0"]
[WhiteElo "1804"]
[BlackElo "1170"]
[PlyCount "65"]
[EventDate "2022.03.05"]
[EventType "swiss"]
[EventRounds "9"]
[EventCountry "TUR"]
[SourceTitle "EXT 2023"]
[Source "ChessBase"]
[SourceDate "2022.10.05"]
[SourceVersion "1"]
[SourceVersionDate "2022.10.05"]
[SourceQuality "1"]

1. e4 e5 2. Nf3 Nc6 3. d4 exd4 4. Bc4 Bb4+ 5. c3 dxc3 6. 0-0 h6 7. a3 Ba5 8. b4 Bb6 9. Nxc3 Nge7 10. Bb2 d6 11. Nd5 Rg8 12. Nf4 Kf8 13. Qb3 Qe8 14. a4 a6 15. h3 Rh8 16. a5 Ba7 17. e5 d5 18. Nxd5 Nxd5 19. Bxd5 Be6 20. Rad1 Bxd5 21. Rxd5 Qe6 22. Rfd1 g6 23. b5 axb5 24. Qxb5 Kg7 25. Bc3 Rab8 26. Nd2 Rhd8 27. Ne4 Rxd5 28. Rxd5 b6 29. a6 Rc8 30. Qd3 Nb8 31. Rd8 Rxd8 32. Qxd8 Qd7 33. e6+ 1-0

[Event "TUR-chT Clubs"]
[Site "Konya"]
[Date "2019.07.21"]
[Round "9.6"]
[White "Kurnaz, Azra"]
[Black "Olmez, Sude"]
[Result "1/2-1/2"]
[WhiteElo "1268"]
[BlackElo "1180"]
[PlyCount "125"]
[EventDate "2019.07.16"]
[EventType "team-swiss"]
[EventRounds "9"]
[EventCountry "TUR"]
[SourceTitle "CBM 191 Extra"]
[Source "ChessBase"]
[SourceDate "2019.09.30"]
[SourceVersion "1"]
[SourceVersionDate "2019.09.30"]
[SourceQuality "1"]
[WhiteTeam "Afyonkarahisar Basari"]
[BlackTeam "Samsun Genclik"]
[WhiteTeamCountry "TUR"]
[BlackTeamCountry "TUR"]

1. e4 e5 2. Nf3 Nc6 3. Bb5 a6 4. Ba4 Nf6 5. 0-0 b5 6. Bb3 Bc5 7. Re1 d6 8. h3 h6 9. c3 0-0 10. d4 exd4 11. cxd4 Bb6 12. Nc3 Re8 13. Bc2 Bb7 14. a3 Na5 15. b3 d5 16. e5 Nd7 17. Qd3 Nf8 18. Bf4 Nc6 19. Rad1 Ne7 20. Bg3 Bc8 21. Qe3 Nf5 22. Qf4 Nxg3 23. Qxg3 c6 24. Nh4 Bc7 25. Bf5 Qg5 26. Qxg5 hxg5 27. Bxc8 Raxc8 28. Nf5 Ne6 29. Kf1 Kh7 30. Ne2 g6 31. Ne3 Kg7 32. Rc1 Bb6 33. Red1 Red8 34. b4 Rc7 35. Ng4 Nf8 36. Nf6 Nh7 37. Nxh7 Kxh7 38. Rc2 Rdc8 39. Rdc1 Kg7 40. Ke1 a5 41. Kd2 axb4 42. axb4 Kf8 43. Ra1 Ra7 44. Rxa7 Bxa7 45. Ra2 Bb6 46. g4 Bd8 47. Ra7 Rc7 48. Rxc7 Bxc7 49. Ke3 Bd8 50. f4 Be7 51. fxg5 Bxg5+ 52. Nf4 Be7 53. Nd3 Kg7 54. Kf3 g5 55. Ke3 Kg6 56. Kd2 f5 57. exf6 Bxf6 58. Kc3 Kf7 59. Nc5 Ke7 60. Nb3 Kd6 61. Nc5 Be7 62. Nd3 Bf6 63. Nc5 1/2-1/2

[Event "TUR-chT Clubs"]
[Site "Konya"]
[Date "2019.07.18"]
[Round "5.4"]
[White "Haktanirlar, Zeren"]
[Black "Olmez, Sude"]
[Result "1/2-1/2"]
[WhiteElo "1294"]
[BlackElo "1180"]
[PlyCount "110"]
[EventDate "2019.07.16"]
[EventType "team-swiss"]
[EventRounds "9"]
[EventCountry "TUR"]
[SourceTitle "CBM 191 Extra"]
[Source "ChessBase"]
[SourceDate "2019.09.30"]
[SourceVersion "1"]
[SourceVersionDate "2019.09.30"]
[SourceQuality "1"]
[WhiteTeam "Goztepe Dernegi"]
[BlackTeam "Samsun Genclik"]
[WhiteTeamCountry "TUR"]
[BlackTeamCountry "TUR"]

1. d4 e6 2. c4 d5 3. Nc3 Nf6 4. Nf3 Be7 5. Bf4 Nbd7 6. e3 a6 7. h3 0-0 8. c5 Re8 9. Bd3 Nf8 10. b4 Bd7 11. 0-0 Ng6 12. Bh2 h6 13. Qc2 Nf8 14. Ne5 N6h7 15. a4 f6 16. Ng6 Ng5 17. f4 Nf7 18. b5 Nxg6 19. Bxg6 f5 20. Bh5 Rf8 21. Be2 Qe8 22. bxa6 bxa6 23. a5 Bc6 24. Rab1 Qd7 25. Bd3 Nd8 26. Qe2 Bb7 27. Rfc1 Ra7 28. Rb2 Nc6 29. Ra1 Rb8 30. Qh5 Kh7 31. Qf3 g6 32. g4 Rg8 33. Kf1 Bd8 34. Bg3 Ba8 35. Qe2 Bb7 36. Be1 Bf6 37. Qf3 Qe7 38. Qg3 Ba8 39. Ne2 Rb8 40. Rxb8 Nxb8 41. Rb1 Rb7 42. Rxb7 Bxb7 43. h4 Qg7 44. g5 Bd8 45. Ng1 h5 46. Nf3 c6 47. Qf2 Qc7 48. Qd2 Bc8 49. Qb4 Qb7 50. Qxb7+ Bxb7 51. Ne5 Bc7 52. Ke2 Kg7 53. Kf3 Bxe5 54. fxe5 Nd7 55. Kf4 Kf7 1/2-1/2